| 000 | 00676 a2200169 4500 | ||
|---|---|---|---|
| 005 | 20250613144421.0 | ||
| 020 | _a0 273 60323 X | ||
| 082 | _aT.E.A LECT 658.785 JES | ||
| 100 | _aJESSOP, D. | ||
| 245 | _aStorage and Supply of Materials: Inbound logistics for commerce, industry and public undertakings. | ||
| 250 | _a6th Ed. | ||
| 260 |
_aHarlow, _bPearson Education Ltd., _c1994. |
||
| 300 |
_avii, 341p.: ill.; figure, graph, picture. _bGlossary & Index, _c22cm. |
||
| 700 | _aMORRISON, A. | ||
| 856 |
_yAccess online book _fStorage and Supply of Materials: Inbound logistics for commerce, industry and public undertakings. _dhttp://www.pearsoned.co.uk |
||
| 942 |
_2ddc _cBKS |
||
| 999 |
_c3007 _d3007 |
||